De las imposturas a los “trucos de oficio”. Reflexiones “metodológicas” desde la antropología social (Argentina) (Record no. 197683)

MARC details
000 -CABECERA
campo de control de longitud fija 02520nab a2200301 a 4500
005 - FECHA Y HORA DE LA ÚLTIMA TRANSACCIÓN
campo de control 20210219163606.0
008 - ELEMENTOS DE LONGITUD FIJA--INFORMACIÓN GENERAL
campo de control de longitud fija 991125s1985 mx 000 0 spa u
035 ## - NÚMERO DE CONTROL DEL SISTEMA
Número de control de sistema UPN01000225587
049 ## - COLECCIÓN
Colección ART-E
100 1# - ASIENTO PRINCIPAL--NOMBRE PERSONAL
Nombre de persona Gil, Gastón Julián
Enlace - gasgil@mdp.edu.ar
222 #0 - TÍTULO CLAVE
Título clave EMPIRIA :
Información calificativa REVISTA DE METODOLOGIA DE LAS CIENCIAS SOCIALES
245 00 - MENCIÓN DE TÍTULO
Título De las imposturas a los “trucos de oficio”. Reflexiones “metodológicas” desde la antropología social (Argentina)
260 ## - PUBLICACIÓN, DISTRIBUCIÓN, ETC.
Lugar de publicación, distribución, etc. España
300 ## - DESCRIPCIÓN FÍSICA
Extensión 107-128
362 0# - FECHAS DE PUBLICACIÓN Y/O DESIGNACIÓN SECUENCIAL
Fecha de publicación y/o designación secuencial 2018 No. 40, may.-ago.
336 ## - TIPO DE CONTENIDO
Término de tipo de contenido texto$2rdacontent
337 ## - TIPO DE MEDIO
Nombre/término del tipo de medio computadora$2rdamedia
338 ## - TIPO DE SOPORTE
Nombre/término del tipo de soporte recurso en linea$2rdacarrier
520 3# - NOTA DE RESUMEN, ETC.
Sumario, etc. El uso de «recetas» metodológicas y la apelación a diversas formas de corrección política en el estudio de diferentes colectivos constituyen tentaciones a las que suelen sucumbir una gran cantidad de cientistas sociales. En este artículo, en primera instancia, se intenta desarrollar una revisión crítica de la manera en que operan algunos de esos lugares comunes de la investigación social, sostenidos en principios «metodológicos» como dogmas en abstracto. En la misma sintonía, también se describen, apelando a ejemplos de investigación, frecuentes imposturas de lo «correcto» que abundan en los discursos académicos, como ocurre en ocasiones con investigadores que se definen como «militantes» cuando estudian sectores subalternos. Por consiguiente, en este artículo se desarrollan algunos trucos de oficio, tal cual los definió el sociólogo Howard Becker, que cuestionan formalidades, tendencias y acuerdos implícitos en el quehacer científico-académico que no precisamente estimulan la creatividad. Los formularios que circulan en el sistema científico, la materias «metodológicas», las pautas de evaluación de la producción académica y las imposturas intelectuales configuran una diversidad de situaciones que suelen promover cómodas rutinas vinculadas en mayor medida con la rigidez que con el rigor. Si bien este texto está construido de manera prioritaria en perspectiva con el caso argentino, remite a prácticas que en mayor o menor medida están presentes en las diversas tradiciones científicas en las ciencias sociales...
653 0# - TERMINO DE INDIZACION - NO CONTROLADO
Término no controlado DISCIPLINAS CIENTIFICAS
653 0# - TERMINO DE INDIZACION - NO CONTROLADO
Término no controlado ANTROPOLOGIA SOCIAL
653 0# - TERMINO DE INDIZACION - NO CONTROLADO
Término no controlado REFLEXIVIDAD
653 0# - TERMINO DE INDIZACION - NO CONTROLADO
Término no controlado CREATIVIDAD
653 0# - TERMINO DE INDIZACION - NO CONTROLADO
Término no controlado CIENCIAS SOCIALES
856 4# - LOCALIZACIÓN Y ACCESO ELECTRÓNICOS
Identificador Uniforme del Recurso <a href="empiria.40.2018.22013">empiria.40.2018.22013</a>
905 ## - TIPO DE MATERIAL
Tipo de material Articulo

No items available.